Champions of religious freedom / (Record no. 7398)
[ view plain ]
| 000 -LEADER | |
|---|---|
| fixed length control field | 01251cam a22003131a 4500 |
| 001 - CONTROL NUMBER | |
| control field | 7978022 |
| 003 - CONTROL NUMBER IDENTIFIER | |
| control field | GBCCL |
| 005 - DATE AND TIME OF LATEST TRANSACTION | |
| control field | 20241126110627.0 |
| 008 - FIXED-LENGTH DATA ELEMENTS--GENERAL INFORMATION | |
| fixed length control field | 830907s1964 tnu 000 0 eng |
| 010 ## - | |
| -- | 63022241 |
| 035 ## - SYSTEM CONTROL NUMBER | |
| System control number | (OCoLC)9885112 |
| 040 ## - CATALOGING SOURCE | |
| Original cataloging agency | DLC |
| Transcribing agency | TN |
| Modifying agency | TN |
| -- | DLC |
| 050 00 - | |
| -- | BV741 |
| -- | .W69 |
| 082 ## - DEWEY DECIMAL CLASSIFICATION NUMBER | |
| Classification number | 261.72 |
| Item number | WOO |
| 100 1# - MAIN ENTRY--PERSONAL NAME | |
| Personal name | Woolley, Davis C., |
| Dates associated with a name | 1908-1971. |
| 9 (RLIN) | 13089 |
| 245 10 - TITLE STATEMENT | |
| Title | Champions of religious freedom / |
| Statement of responsibility, etc. | Davis C. Woolley. |
| 260 ## - PUBLICATION, DISTRIBUTION, ETC. | |
| Place of publication, distribution, etc. | Nashville : |
| Name of publisher, distributor, etc. | Convention Press, |
| Date of publication, distribution, etc. | c1964. |
| 300 ## - PHYSICAL DESCRIPTION | |
| Extent | xiv, 125 p. ; |
| Dimensions | 19 cm. |
| 500 ## - GENERAL NOTE | |
| General note | Revised in 1963 from the book Champions of religious liberty by Rufus W. Weaver. |
| 500 ## - GENERAL NOTE | |
| General note | "Church study course [of the Sunday School Board of the Southern Baptist Convention]. This book is number 0871 in category 8, section for young people." |
| 504 ## - BIBLIOGRAPHY, ETC. NOTE | |
| Bibliography, etc. note | Bibliographical footnotes. |
| 650 #0 - SUBJECT ADDED ENTRY--TOPICAL TERM | |
| Topical term or geographic name entry element | Freedom of religion. |
| 9 (RLIN) | 13090 |
| 650 #0 - SUBJECT ADDED ENTRY--TOPICAL TERM | |
| Topical term or geographic name entry element | Baptists |
| General subdivision | Controversial literature. |
| 9 (RLIN) | 9688 |
| 650 #0 - SUBJECT ADDED ENTRY--TOPICAL TERM | |
| Topical term or geographic name entry element | Baptists |
| General subdivision | Doctrines. |
| 9 (RLIN) | 1797 |
| 700 1# - ADDED ENTRY--PERSONAL NAME | |
| Personal name | Weaver, Rufus W. |
| Fuller form of name | (Rufus Washington), |
| Dates associated with a name | 1870-1947. |
| Title of a work | Champions of religious liberty. |
| 9 (RLIN) | 13091 |
| 710 2# - ADDED ENTRY--CORPORATE NAME | |
| Corporate name or jurisdiction name as entry element | Southern Baptist Convention. |
| Subordinate unit | Sunday School Board. |
| 9 (RLIN) | 6027 |
| 906 ## - LOCAL DATA ELEMENT F, LDF (RLIN) | |
| a | 7 |
| b | cbc |
| c | oclcrpl |
| d | u |
| e | ncip |
| f | 19 |
| g | y-gencatlg |
| 942 ## - ADDED ENTRY ELEMENTS (KOHA) | |
| Source of classification or shelving scheme | Dewey Decimal Classification |
| Koha item type | Books |
| Withdrawn status | Lost status | Source of classification or shelving scheme | Damaged status | Not for loan | Home library | Current Library | Shelving location | Date acquired | Total checkouts | Full call number | Barcode | Date last seen | Copy number | Price effective from | Koha item type |
|---|---|---|---|---|---|---|---|---|---|---|---|---|---|---|---|
| Dewey Decimal Classification | GRACE BIBLE COLLEGE | GRACE BIBLE COLLEGE | Ministry & Mission | 2018-08-06 | 261.72 WOO | 002393 | 2025-05-01 | c.1 | 2018-08-06 | Books | |||||
| Dewey Decimal Classification | GRACE BIBLE COLLEGE | GRACE BIBLE COLLEGE | Ministry & Mission | 2018-08-07 | 261.72 WOO | 002554 | 2025-05-01 | c.2 | 2018-08-07 | Books |